National computer policies

שמור ב:
מידע ביבליוגרפי
מחבר ראשי: Matley, Ben. G.
פורמט: ספר
שפה:Undetermined
יצא לאור: Washington, D. C. The Institute of Electrical and Eclectronics Engineers, Inc. 1987
נושאים:
תגים: הוספת תג
אין תגיות, היה/י הראשונ/ה לתייג את הרשומה!
Thư viện lưu trữ: Trung tâm Học liệu Trường Đại học Cần Thơ
LEADER 00540nam a2200181Ia 4500
001 CTU_82958
008 210402s9999 xx 000 0 und d
082 |a 004.19 
082 |b M425 
100 |a Matley, Ben. G. 
245 0 |a National computer policies 
245 0 |c Ben. G. Matley 
260 |a Washington, D. C. 
260 |b The Institute of Electrical and Eclectronics Engineers, Inc. 
260 |c 1987 
650 |a Electronic data processing 
904 |i Qhieu(sửa) 
980 |a Trung tâm Học liệu Trường Đại học Cần Thơ